Logo BPK

Biblioteka

Politechniki Koszalińskiej

Schaum's outlines of theory and problems of statistics / (Rekord nr 53522)

Szczegóły MARC
000 -ETYKIETA REKORDU
podpole kontrolne o stałej długości 00939nam a2200289 i 4500
001 - NUMER KONTROLNY REKORDU
pole kontrolne bg
020 ## - MIĘDZYNARODOWY ZNORMALIZOWANY NUMER KSIĄŻKI - ISBN
ISBN 0070602816
040 ## - ŹRÓDŁO KATALOGOWANIA
Instytucja, która utworzyła rekord BPK
041 0# - KOD JĘZYKA
Kod języka tekstu eng
080 ## - UNIWERSALNA KLASYFIKACJA DZIESIĘTNA - UKD
UKD 519.2(075.8)
920 ## - Międzynarodowy znormalizowany numer książki – ISBN
ISBN 0-07-060281-6
008 - POLE O STAŁEJ DŁUGOŚCI - DANE KONTROLNE
podpole kontrolne o stałej długości s pl f |000 0 pol
100 1# - NAZWA OSOBOWA
Nazwa osobowa SPIEGEL, Murray R.
245 10 - TYTUŁ/ODPOWIEDZIALNOŚĆ
Tytuł Schaum's outlines of theory and problems of statistics /
Pozostałe elementy strefy tytułu i oznaczenia odpowiedzialności Murray R. Spiegel, Larry J. Stephens.
250 ## - STREFA WYDANIA
Oznaczenie wydania 3rd ed.
260 ## - STREFA ADRESU WYDAWNICZEGO
Miejsce wydania New York [etc.] :
Nazwa wydawcy/dystrybutora McGraw-Hill,
Data publikacji, dystrybucji/powstania dokumentu 1999.
300 ## - STREFA OPISU FIZYCZNEGO
Objętość XVII, 538 s. :
Inne cechy fizyczne wykr. ;
Rozmiary 28 cm.
490 1# - STREFA SERII I DOKUMENTU WIELOCZĘŚCIOWEGO - FORMA NIE DO WYSZUKIWANIA
Tytuł i oznaczenie odpowiedzialności serii Schaum's Outline Series
500 ## - UWAGI OGÓLNE
Tekst uwagi Tyt. okł.: "Statistics".
504 ## - UWAGA DOTYCZĄCA BIBLIOGRAFII
Informacje o bibliografii Indeks.
650 #9 - HASŁO PRZEDMIOTOWE W FORMIE NAZWY OGÓLNEJ LUB JEDNOSTKOWEJ
Nazwa ogólna lub geograficzna Statystyka matematyczna
655 ## - TERMIN INDEKSOWY - OKREŚLENIE RODZAJU/FORMY DOKUMENTU
Określenie rodzaju/formy dokumentu Podręczniki akademickie
700 1# - HASŁO DODATKOWE - NAZWA OSOBOWA
Nazwa osobowa STEPHENS, Larry J.
830 ## - HASŁO DODATKOWE SERII LUB DOKUMENTU WIELOCZĘŚCIOWEGO - TYTUŁ UJEDNOLICONY
Tytuł ujednolicony Schaum's Outline Series
942 ## - DODATKOWE ELEMENTY (KOHA)
Typ dokumentu Książka
Egzemplarze
Wycofany Status egzemplarza Uszkodzony Dostępność Lokalizacja stała Lokalizacja bieżąca Miejsce przechowywania Sygnatura Kod kreskowy Typ dokumentu
      Dostępny Biblioteka Politechniki Koszalińskiej Biblioteka Politechniki Koszalińskiej Wypożyczalnia BG 83902 02360263 Książka
© 2023 Biblioteka Politechniki Koszalińskiej :: KOHA